| 000 | 01136cad a22002055a 4500 | ||
|---|---|---|---|
| 001 | L157470 | ||
| 008 | 121218s2012 xxk f 000 0 eng d | ||
| 035 | _a(Sirsi) u157470 | ||
| 041 | 0 | _aeng | |
| 110 | 2 |
_aUnited Kingdom _bDepartment for Environment, Food and Rural Affairs |
|
| 245 | 0 | 0 |
_aDiscussion paper _bTriennial review of the Environment Agency and Natural England. December 2012 _h[electronic resource] |
| 260 |
_aLondon _bDEFRA _c2012 |
||
| 520 | _aJoint triennial review of the Environment Agency and Natural England. Will examine what functions the two organisations carry out and how these tasks are completed. Aims to ensure that there are sufficiently strong and resilient delivery bodies to meet environmental ambitions and to ensure improvements in service delivery and efficiency. Views and supporting evidence are requested by 4 February 2013. | ||
| 590 | _aKA | ||
| 651 | 4 | _aENGLAND AND WALES | |
| 690 |
_aEnvironment _96238 |
||
| 690 |
_aSustainability _96271 |
||
| 856 | 4 | 0 |
_uhttps://www.defra.gov.uk/review-ea-ne/files/triennial-ea-ne-discussion.pdf _zView the discussion paper at www.defra.gov.uk |
| 942 | _n0 | ||
| 999 |
_c114782 _d114782 |
||